000 00205nam a2200097Ia 4500
008 120527s9999 xx 000 0 und d
100 _aFATUBARIN, Ayo
245 _bGenetics
260 _bDecency
942 _cBK
999 _c7412
_d7412